The Most Recent Player from Every NBA Team to make All-Defensive Team - Statistics

General Stats
  • This quiz has been taken 19 times
  • The average score is 16 of 32
Answer Stats
Team Player % Correct
WAS John Wall
94%
UTA Rudy Gobert
88%
LAL Anthony Davis
81%
LAC Kawhi Leonard
81%
MIA Bam Adebayo
75%
MIL Brook Lopez
75%
GSW Draymond Green
75%
MIL Jrue Holiday
75%
NOP Jrue Holiday
75%
ORL Dwight Howard
69%
MIN Jimmy Butler
69%
OKL Paul George
69%
MEM Jaren Jackson Jr.
63%
CHA Gerald Wallace
56%
DAL Tyson Chandler
56%
NYK Tyson Chandler
56%
BOS Derrick White
50%
SAS Dejounte Murray
44%
MEM Dillon Brooks
38%
CLE Evan Mobley
38%
TOR OG Anunoby
38%
CHI Alex Caruso
31%
DEN Marcus Camby
25%
PHI Matisse Thybulle
25%
PHO Mikal Bridges
25%
DET Tayshaun Prince
25%
BKN Jason Kidd
19%
ATL Paul Millsap
19%
SAC Ron Artest
19%
IND Victor Oladipo
19%
HOU Patrick Beverley
13%
POR Theo Ratliff
6%
No matching quizzes found
Score Distribution
Percent of People with Each Score
Percentile by Number Answered
Your Score History
You have not taken this quiz